Child development and personality (Record no. 96059)
[ view plain ]
| 000 -LEADER | |
|---|---|
| fixed length control field | 00636nam a2200253Ia 4500 |
| 003 - CONTROL NUMBER IDENTIFIER | |
| control field | 0100 |
| 008 - FIXED-LENGTH DATA ELEMENTS--GENERAL INFORMATION | |
| fixed length control field | 130307s9999 xx 000 0 und d |
| 020 ## - INTERNATIONAL STANDARD BOOK NUMBER | |
| International Standard Book Number | 0060446919 |
| 040 ## - CATALOGING SOURCE | |
| Transcribing agency | ARRUPELIB |
| 050 ## - LIBRARY OF CONGRESS CALL NUMBER | |
| Classification number | BF721.M88 1974 |
| 300 ## - PHYSICAL DESCRIPTION | |
| Other physical details | 684p. 24cm. |
| 100 ## - MAIN ENTRY--PERSONAL NAME | |
| Personal name | Mussen , Paul Henry |
| 245 ## - TITLE STATEMENT | |
| Title | Child development and personality |
| 250 ## - EDITION STATEMENT | |
| Edition statement | 4th ed. |
| 260 ## - PUBLICATION, DISTRIBUTION, ETC. (IMPRINT) | |
| Place of publication, distribution, etc | New york |
| 260 ## - PUBLICATION, DISTRIBUTION, ETC. (IMPRINT) | |
| Name of publisher, distributor, etc | Harper & Row , Publishers |
| 260 ## - PUBLICATION, DISTRIBUTION, ETC. (IMPRINT) | |
| Date of publication, distribution, etc | 1974 |
| 300 ## - PHYSICAL DESCRIPTION | |
| Extent | x |
| 650 ## - SUBJECT ADDED ENTRY--TOPICAL TERM | |
| Topical term or geographic name as entry element | PSYCHOLOGY |
| 650 ## - SUBJECT ADDED ENTRY--TOPICAL TERM | |
| Topical term following geographic name as entry element | Apologetics--Early works |
| 650 ## - SUBJECT ADDED ENTRY--TOPICAL TERM | |
| Location of event | Apologetics--Middle Ages |
| 700 ## - ADDED ENTRY--PERSONAL NAME | |
| Personal name | Conger , John Janeway ; Kegan , Jerome |
| 942 00 - ADDED ENTRY ELEMENTS (KOHA) | |
| Koha issues (borrowed), all copies | 1 |
| Withdrawn status | Lost status | Source of classification or shelving scheme | Damaged status | Not for loan | Collection code | Home library | Current library | Shelving location | Date acquired | Total Checkouts | Full call number | Barcode | Date last seen | Date checked out | Copy number | Price effective from | Koha item type |
|---|---|---|---|---|---|---|---|---|---|---|---|---|---|---|---|---|---|
| Library of Congress Classification | Main Collection | ARRUPE LIBRARY | ARRUPE LIBRARY | 07/03/2013 | 6 | BF721.M88 1974 | 46003087917 | 06/10/2020 | 22/09/2020 | 1 | 07/03/2013 | Monograph ( Printed materials) |